|
|
|
|
| LEADER |
00000cam a2200000 7i4500 |
| 001 |
0000006578 |
| 005 |
20151202.0 |
| 008 |
070817 |
| 020 |
|
|
|a 9835701490
|
| 090 |
0 |
0 |
|a 372.5044
|b NOO
|
| 245 |
0 |
0 |
|a Seni alam sekitar
|c Noorlida Mahmood
|
| 260 |
|
|
|a Kuala Lumpur :
|b Penerbitan Gema Insan ,
|c 2007
|
| 440 |
|
|
|a Siri pendidikan seni
|
| 650 |
|
0 |
|a Art
|x Study and teaching (Elementary)
|
| 650 |
|
0 |
|a Nature craft
|x Juvenile literature
|
| 710 |
0 |
|
|a Title
|
| 999 |
|
|
|a 0000985706
|b Book
|c Adult Collection
|e Perbadanan Perpustakaan Awam Johor
|
| 999 |
|
|
|a 0000985707
|b Book
|c Adult Collection
|e Perbadanan Perpustakaan Awam Johor
|
| 999 |
|
|
|a 0000985708
|b Book
|c Adult Collection
|e Cawangan Tmn. Ungku Tun Aminah
|
| 999 |
|
|
|a 0000985709
|b Book
|c Adult Collection
|e Cawangan Taman Sri Lambak
|
| 999 |
|
|
|a 0001167417
|b Book
|c Adult Collection
|e Cawangan Mersing
|
| 999 |
|
|
|a 0001167418
|b Book
|c Adult Collection
|e Cawangan Bandar Penawar
|
| 999 |
|
|
|a 0001167421
|b Book
|c Adult Collection
|e Cawangan Segamat
|
| 999 |
|
|
|a 0001167422
|b Book
|c Adult Collection
|e Cawangan Pontian
|
| 999 |
|
|
|a 0001167424
|b Book
|c Adult Collection
|e Cawangan Bukit Gambir
|
| 999 |
|
|
|a 0001167425
|b Book
|c Adult Collection
|e Cawangan Bandar Tenggara
|
| 999 |
|
|
|a 0001167427
|b Book
|c Children Collection
|e Cawangan Taman Universiti
|
| 999 |
|
|
|a 0001167428
|b Book
|c Adult Collection
|e Cawangan Tangkak
|
| 999 |
|
|
|a 0001167429
|b Book
|c Adult Collection
|e Cawangan Muar
|
| 999 |
|
|
|a 0001167430
|b Book
|c Adult Collection
|e Cawangan Tmn. Ungku Tun Aminah
|